<?xml version="1.0" encoding="UTF-8"?>
<record
    xmlns:xsi="http://www.w3.org/2001/XMLSchema-instance"
    xsi:schemaLocation="http://www.loc.gov/MARC21/slim http://www.loc.gov/standards/marcxml/schema/MARC21slim.xsd"
    xmlns="http://www.loc.gov/MARC21/slim">

  <leader>00742cam a22002532i 4500</leader>
  <controlfield tag="001">CIP114005656</controlfield>
  <controlfield tag="003">YEEZEN</controlfield>
  <controlfield tag="005">20250813143336.0</controlfield>
  <controlfield tag="008">250430s2025    ch     e      000 0 chi d</controlfield>
  <datafield tag="020" ind1=" " ind2=" ">
    <subfield code="a">9786264173841</subfield>
    <subfield code="q">(&#x5E73;&#x88DD;) :</subfield>
    <subfield code="c">NT$500</subfield>
  </datafield>
  <datafield tag="040" ind1=" " ind2=" ">
    <subfield code="a">CIP</subfield>
    <subfield code="b">chi</subfield>
    <subfield code="c">CIP</subfield>
  </datafield>
  <datafield tag="042" ind1=" " ind2=" ">
    <subfield code="a">nbic</subfield>
  </datafield>
  <datafield tag="084" ind1=" " ind2=" ">
    <subfield code="a">419.333</subfield>
    <subfield code="2">ncsclt</subfield>
  </datafield>
  <datafield tag="090" ind1=" " ind2=" ">
    <subfield code="a">419.333</subfield>
  </datafield>
  <datafield tag="245" ind1="1" ind2="0">
    <subfield code="a">&#x9019;&#x6A23;&#x611B;,&#x7D66;&#x4E16;&#x754C;&#x66F4;&#x591A;&#x53EF;&#x80FD;</subfield>
    <subfield code="c">: &#x5317;&#x91AB;&#x5927;&#x9AD4;&#x7CFB;&#x570B;&#x969B;&#x91AB;&#x7642;&#x7684;&#x71B1;&#x8840;&#x884C;&#x52D5; /</subfield>
    <subfield code="b">&#x6797;&#x60E0;&#x541B;, &#x9673;&#x80B2;&#x665F;&#x8457;</subfield>
  </datafield>
  <datafield tag="250" ind1=" " ind2=" ">
    <subfield code="a">&#x7B2C;&#x4E00;&#x7248;</subfield>
  </datafield>
  <datafield tag="260" ind1=" " ind2=" ">
    <subfield code="a">&#x81FA;&#x5317;&#x5E02; :</subfield>
    <subfield code="b">&#x9060;&#x898B;&#x5929;&#x4E0B;&#x6587;&#x5316;, </subfield>
    <subfield code="c">2025.05</subfield>
  </datafield>
  <datafield tag="300" ind1=" " ind2=" ">
    <subfield code="a">&#x9762; ;</subfield>
    <subfield code="c">&#x516C;&#x5206;</subfield>
  </datafield>
  <datafield tag="650" ind1=" " ind2="7">
    <subfield code="2">lcstt</subfield>
    <subfield code="a">&#x91AB;&#x5B78;</subfield>
  </datafield>
  <datafield tag="650" ind1=" " ind2="7">
    <subfield code="2">lcstt</subfield>
    <subfield code="a">&#x91AB;&#x7642;&#x670D;&#x52D9;</subfield>
  </datafield>
  <datafield tag="650" ind1=" " ind2="7">
    <subfield code="2">lcstt</subfield>
    <subfield code="a">&#x570B;&#x969B;&#x4EA4;&#x6D41;</subfield>
  </datafield>
  <datafield tag="650" ind1=" " ind2="7">
    <subfield code="2">lcstt</subfield>
    <subfield code="a">&#x91AB;&#x9662;&#x884C;&#x653F;&#x7BA1;&#x7406;</subfield>
  </datafield>
  <datafield tag="942" ind1=" " ind2=" ">
    <subfield code="2">ccl</subfield>
    <subfield code="c">BOOK</subfield>
  </datafield>
  <datafield tag="999" ind1=" " ind2=" ">
    <subfield code="c">7670</subfield>
    <subfield code="d">7670</subfield>
  </datafield>
  <datafield tag="952" ind1=" " ind2=" ">
    <subfield code="0">0</subfield>
    <subfield code="1">0</subfield>
    <subfield code="2">ccl</subfield>
    <subfield code="4">0</subfield>
    <subfield code="7">0</subfield>
    <subfield code="a">yeezen</subfield>
    <subfield code="b">yeezen</subfield>
    <subfield code="c">YEEZEN</subfield>
    <subfield code="d">2025-08-13</subfield>
    <subfield code="l">0</subfield>
    <subfield code="o">419.333</subfield>
    <subfield code="p">C03256</subfield>
    <subfield code="r">2025-08-13 00:00:00</subfield>
    <subfield code="w">2025-08-13</subfield>
    <subfield code="y">BOOK</subfield>
    <subfield code="z">&#x81FA;&#x7063;&#x79C9;&#x6301;&#x8EAB;&#x70BA;&#x4E16;&#x754C;&#x516C;&#x6C11;&#x4E00;&#x4EFD;&#x5B50;&#x7684;&#x521D;&#x8877;,&#x5584;&#x76E1;&#x570B;&#x969B;&#x793E;&#x6703;&#x6210;&#x54E1;&#x7684;&#x8CAC;&#x4EFB;&#x3002;&#x85C9;&#x7531;&#x5728;&#x516C;&#x885B;&#x91AB;&#x7642;&#x9818;&#x57DF;&#x7684;&#x512A;&#x52E2;,&#x653F;&#x5E9C;&#x90E8;&#x9580;&#x7A4D;&#x6975;&#x6574;&#x5408;&#x8CC7;&#x6E90;,&#x64D8;&#x5283;&#x570B;&#x969B;&#x91AB;&#x7642;&#x885B;&#x751F;&#x5408;&#x4F5C;&#x53CA;&#x7DCA;&#x6025;&#x91AB;&#x7642;&#x63F4;&#x52A9;&#x8A08;&#x756B;,&#x800C;&#x81FA;&#x5317;&#x91AB;&#x5B78;&#x5927;&#x5B78;&#x9AD4;&#x7CFB;&#x5247;&#x5728;&#x5176;&#x4E2D;&#x626E;&#x6F14;&#x91CD;&#x8981;&#x89D2;&#x8272;&#x3002;</subfield>
  </datafield>
</record>
